Charlotte Douglas Int. Airport Destinations (Charlotte, NC, USA) - Statistics

General Stats
  • This quiz has been taken 127 times
    11 since last reset
  • The average score is 144 of 193
Answer Stats
Airline Destination % Correct
American Airlines Austin
100%
American Airlines/Frontier Airlines/Southwest Airlines Baltimore
100%
American Airlines/American Eagle Birmingham (AL)
100%
American Airlines/Frontier Airlines Cancún
100%
Southwest Airlines Chicago (Midway)
100%
American Airlines/Frontier Airlines/United Airlines/United Express Chicago (O'Hare)
100%
American Airlines/American Eagle Cincinnati
100%
American Airlines Cleveland
100%
American Eagle Columbia (MO)
100%
American Eagle Columbia (SC)
100%
American Airlines/American Eagle Columbus (Glenn)
100%
American Airlines/Frontier Airlines Dallas/Fort Worth
100%
Southwest Airlines Dallas (Love)
100%
American Eagle Dayton
100%
American Airlines/Frontier Airlines/Southwest Airlines/United Airlines Denver
100%
American Airlines/Delta Air Lines/Frontier Airlines Detroit
100%
American Airlines/Frontier Airlines/United Airlines/United Express Houston (Intercontinental)
100%
American Airlines Indianapolis
100%
American Eagle Jackson (MS)
100%
American Airlines Jacksonville (FL)
100%
American Eagle Jacksonville (NC)
100%
American Airlines Kansas City
100%
American Airlines/American Eagle Key West
100%
American Airlines London (Heathrow)
100%
American Airlines Los Angeles
100%
American Airlines/American Eagle Louisville
100%
American Eagle Melbourne/Orlando
100%
American Airlines/American Eagle Memphis
100%
American Airlines Mexico City
100%
American Airlines/Frontier Airlines/Spirit Airlines Miami
100%
American Airlines/American Eagle Milwaukee
100%
American Airlines/Delta Air Lines/Sun Country Airlines Minneapolis/St. Paul
100%
American Airlines/American Eagle/Southwest Airlines Nashville
100%
American Airlines/Spirit Airlines/United Airlines/United Express Newark
100%
American Airlines/Spirit Airlines New Orleans
100%
American Airlines/Delta Connection New York (JFK)
100%
American Airlines/Delta Connection/Frontier Airlines/Spirit Airlines New York (LaGuardia)
100%
American Airlines/Frontier Airlines/Spirit Airlines Orlando
100%
American Airlines Pittsburgh
100%
American Airlines San Francisco
100%
American Airlines Seattle/Tacoma
100%
American Airlines Albany
90%
American Airlines/American Eagle Asheville
90%
American Airlines/American Eagle/Delta Air Lines Atlanta
90%
American Airlines/Delta Connection/Frontier Airlines Boston
90%
American Airlines Buffalo
90%
American Airlines/American Eagle Burlington (VT)
90%
American Airlines/American Eagle Charleston (SC)
90%
American Eagle Charleston (WV)
90%
American Airlines Des Moines
90%
American Airlines/American Eagle Destin/Fort Walton Beach
90%
American Airlines/Frontier Airlines/Spirit Airlines Fort Lauderdale
90%
American Airlines Fort Myers
90%
American Airlines Frankfurt
90%
American Airlines/American Eagle Greensboro
90%
American Eagle Greenville (NC)
90%
American Airlines/American Eagle Greenville/Spartanburg
90%
Volaris Guadalajara
90%
American Airlines Hartford
90%
American Airlines/American Eagle Knoxville
90%
American Airlines Las Vegas
90%
American Airlines/American Eagle Little Rock
90%
American Eagle Mobile (Regional)
90%
American Airlines Montego Bay
90%
American Eagle Montgomery
90%
American Airlines/Lufthansa Munich
90%
American Airlines/American Eagle Myrtle Beach
90%
American Airlines Nassau
90%
American Airlines/American Eagle Oklahoma City
90%
American Airlines/Frontier Airlines Philadelphia
90%
American Airlines Phoenix (Sky Harbor)
90%
American Airlines Raleigh/Durham
90%
American Airlines/American Eagle Richmond
90%
American Airlines/American Eagle Rochester (NY)
90%
American Airlines San Antonio
90%
American Airlines San Diego
90%
American Airlines San José (CR)
90%
American Airlines San José del Cabo
90%
American Airlines/Frontier Airlines San Juan
90%
American Airlines/Southwest Airlines St. Louis
90%
American Airlines/Frontier Airlines Tampa
90%
American Airlines/American Eagle/United Airlines/United Express Washington (Dulles)
90%
American Airlines/American Eagle Washington (National)
90%
American Airlines/American Eagle Wilmington (NC)
90%
Etihad Airways Abu Dhabi
80%
American Eagle Akron/Canton
80%
American Airlines Athens
80%
American Airlines Bangor
80%
American Eagle Baton Rouge
80%
American Airlines Calgary
80%
American Airlines/American Eagle Cedar Rapids/Iowa City
80%
American Airlines/American Eagle Daytona Beach
80%
American Airlines Grand Rapids
80%
American Airlines/American Eagle Harrisburg
80%
American Eagle Lexington
80%
American Airlines Madison
80%
American Airlines Madrid
80%
American Airlines/American Eagle Manchester (NH)
80%
American Eagle Montréal (Trudeau)
80%
American Airlines Omaha
80%
American Airlines Paris (Charles de Gaulle)
80%
American Airlines/American Eagle Portland (ME)
80%
American Airlines Portland (OR)
80%
American Airlines/American Eagle Providence
80%
American Airlines Punta Cana
80%
American Airlines Rome (Fiumicino)
80%
American Airlines Sacramento
80%
American Airlines/American Eagle Savannah
80%
American Eagle Shreveport
80%
American Airlines Syracuse
80%
Air Canada/Air Canada Express/American Airlines/American Eagle Toronto (Pearson)
80%
American Airlines/American Eagle Tulsa
80%
American Eagle Allentown
70%
American Eagle Appleton
70%
American Airlines Aruba
70%
American Eagle Aspen
70%
American Airlines Belize City
70%
American Airlines Bermuda
70%
American Airlines Bozeman
70%
American Eagle Chattanooga
70%
American Airlines Curaçao
70%
American Airlines Dublin
70%
American Eagle Evansville
70%
American Airlines/American Eagle Fayetteville/Bentonville
70%
American Eagle Fayetteville (NC)
70%
American Eagle Fort Wayne
70%
American Airlines Grand Cayman
70%
American Eagle Gulfport/Biloxi
70%
American Eagle Huntsville
70%
American Airlines/American Eagle Norfolk
70%
American Airlines/American Eagle Panama City (FL)
70%
American Airlines Providenciales
70%
American Eagle Québec City
70%
American Airlines/Delta Air Lines Salt Lake City
70%
American Airlines Vancouver
70%
American Airlines West Palm Beach
70%
American Eagle Charlottesville
60%
American Airlines Eagle/Vail
60%
American Eagle Erie
60%
American Eagle Gainesville
60%
American Airlines Jackson Hole
60%
American Eagle Nantucket
60%
American Airlines Ontario
60%
American Airlines Orange County
60%
American Eagle Peoria
60%
American Airlines Rapid City
60%
American Airlines/American Eagle Sarasota
60%
American Eagle South Bend
60%
American Airlines St. Maarten
60%
American Airlines St. Thomas
60%
American Eagle Tallahassee
60%
American Eagle Tri-Cities (TN)
60%
American Airlines/American Eagle Wilkes-Barre/Scranton
60%
Contour Airlines Beckley
50%
American Airlines Cozumel
50%
American Eagle Freeport
50%
American Airlines/American Eagle George Town
50%
American Eagle Huntington
50%
American Eagle Lafayette
50%
American Airlines Liberia (CR)
50%
American Eagle Martha's Vineyard
50%
American Eagle Moline/Quad Cities
50%
American Eagle Newport News
50%
American Airlines/American Eagle Pensacola
50%
American Airlines Puerto Plata
50%
American Eagle Roanoke
50%
American Airlines St. Croix
50%
American Airlines St. Kitts
50%
American Airlines St. Vincent (Argyle)
50%
American Eagle Traverse City
50%
American Airlines Antigua
40%
American Eagle Augusta (GA)
40%
American Airlines Grenada
40%
American Eagle Hilton Head
40%
American Airlines Palm Springs
40%
American Eagle Springfield/Branson
40%
American Airlines St. Lucia (Hewanorra)
40%
American Airlines Barbados
30%
American Eagle Lynchburg
30%
American Eagle Marsh Harbour
30%
American Eagle New Bern
30%
American Eagle North Eleuthera
30%
Contour Airlines Owensboro
30%
Contour Airlines Parkersburg
30%
American Eagle Vero Beach
30%
American Eagle White Plains
30%
Contour Airlines Altoona
20%
American Eagle Florence (SC)
20%
Contour Airlines Muscle Shoals
20%
American Eagle Salisbury
20%
American Eagle Governor's Harbour
10%
American Eagle Lewisburg (WV)
10%
American Eagle Shenandoah Valley
10%
No matching quizzes found
Score Distribution
Percent of People with Each Score
Percentile by Number Answered
Your Score History
You have not taken this quiz since the last reset